| 000 | 00508pab a2200169 454500 | ||
|---|---|---|---|
| 008 | 180718b2011 xxu||||| |||| 00| 0 eng d | ||
| 100 | _aRead, Dustic C. | ||
| 245 | _aDoes sector matter? An analysis of planners' attitudes regarding politics and competing interests in the planning process | ||
| 260 | _c2011 | ||
| 300 | _ap.639-653. | ||
| 362 | _aNov | ||
| 650 | _aUrban planning | ||
| 700 | _aLeland, Suzanne M. | ||
| 773 | _aAmerican Review of Public Administration | ||
| 908 | _aN | ||
| 909 | _a93915 | ||
| 999 |
_c93915 _d93915 |
||